[Event "PER-ch"]
[Site "Lima"]
[Date "2015.04.30"]
[Round "2"]
[White "Alarcon, Ruy"]
[Black "Bustamante, Godofredo"]
[Result "1/2-1/2"]
[WhiteElo "2198"]
[BlackElo "1877"]
[PlyCount "91"]
[EventDate "2015.04.30"]
[EventType "swiss"]
[EventRounds "8"]
[EventCountry "PER"]
[SourceTitle "CBM 166 Extra"]
[Source "ChessBase"]
[SourceDate "2015.06.18"]
[SourceVersion "1"]
[SourceVersionDate "2015.06.18"]
[SourceQuality "1"]

1. d4 d5 2. Nf3 e6 3. g3 c5 4. Bg2 Nf6 5. 0-0 Nc6 6. b3 Be7 7. Bb2 0-0 8. c4 dxc4 9. bxc4 cxd4 10. Nxd4 Nxd4 11. Qxd4 Qc7 12. Nc3 a6 13. Rfd1 Rd8 14. Qf4 Qxf4 15. Rxd8+ Bxd8 16. gxf4 Bc7 17. e3 Bd7 18. Kf1 e5 19. fxe5 Bxe5 20. f4 Bd6 21. Rd1 Bc5 22. Nd5 Be6 23. Bxf6 gxf6 24. Nxf6+ Kg7 25. Nd5 Bxd5 26. Bxd5 Bxe3 27. Rd3 Re8 28. Bxb7 Bxf4 29. Rd7 Bxh2 30. Bd5 Rf8 31. Ra7 Kg6 32. Rxa6+ Kg5 33. Ra7 Kg6 34. a4 f5 35. a5 Rb8 36. a6 Rb1+ 37. Ke2 Bg1 38. Ra8 Ra1 39. Rg8+ Kf6 40. Rxg1 Rxg1 41. a7 Ra1 42. a8Q Rxa8 43. Bxa8 Ke5 44. Kd3 h5 45. Bf3 h4 46. c5 1/2-1/2

[Event "Lima op 7th"]
[Site "Lima"]
[Date "2012.08.02"]
[Round "5"]
[White "Alarcon, Ruy"]
[Black "Cuellar, Ulises"]
[Result "1-0"]
[WhiteElo "2246"]
[BlackElo "2000"]
[PlyCount "135"]
[EventDate "2012.07.31"]
[EventType "swiss"]
[EventRounds "7"]
[EventCountry "PER"]
[SourceTitle "EXT 2013"]
[Source "ChessBase"]
[SourceDate "2012.11.22"]
[SourceVersion "1"]
[SourceVersionDate "2012.11.22"]
[SourceQuality "1"]

1. c4 c5 2. Nc3 Nf6 3. g3 Nc6 4. Bg2 b6 5. Nf3 Bb7 6. 0-0 Qc7 7. d3 e6 8. e4 d6 9. Re1 Rd8 10. d4 cxd4 11. Nxd4 Be7 12. Bg5 h6 13. Be3 0-0 14. b3 Rfe8 15. Rc1 Qb8 16. Qe2 Bf8 17. Nxc6 Bxc6 18. Bd4 Nd7 19. Qc2 Qa8 20. Rcd1 Rc8 21. Qb2 Nc5 22. f3 Red8 23. Rd2 Qb7 24. Red1 Qe7 25. Bf2 Qf6 26. Bd4 Qg5 27. Ne2 d5 28. exd5 exd5 29. cxd5 Bxd5 30. Bf2 Ba8 31. Nf4 Rxd2 32. Qxd2 Qf6 33. h4 Be7 34. Qc2 Bb7 35. Nd5 Bxd5 36. Rxd5 Rd8 37. Rxd8+ Bxd8 38. Kh2 Qd6 39. Qc4 Bc7 40. f4 Nd3 41. Bd4 Nxf4 42. gxf4 Qxf4+ 43. Kg1 Qxh4 44. Bf2 Qh2+ 45. Kf1 Qh5 46. Qd3 Qg5 47. Be4 g6 48. a4 h5 49. b4 Be5 50. Qe3 Qg4 51. Bf3 Qf5 52. b5 Qb1+ 53. Kg2 Qb2 54. Bd5 Kg7 55. Bc4 f6 56. Qe4 Qc1 57. Bd3 Qg5+ 58. Kf3 Bb2 59. Qb7+ Kf8 60. Qb8+ Ke7 61. Qxa7+ Kf8 62. Qb8+ Ke7 63. Qc7+ Kf8 64. Qd8+ Kg7 65. Qe7+ Kh8 66. Qf8+ Kh7 67. Qf7+ Kh8 68. Qxg6 1-0

[Event "Lima op 7th"]
[Site "Lima"]
[Date "2012.08.02"]
[Round "4"]
[White "Puppi Lazo, Jorge Luis"]
[Black "Alarcon, Ruy"]
[Result "0-1"]
[WhiteElo "1913"]
[BlackElo "2246"]
[PlyCount "112"]
[EventDate "2012.07.31"]
[EventType "swiss"]
[EventRounds "7"]
[EventCountry "PER"]
[SourceTitle "EXT 2013"]
[Source "ChessBase"]
[SourceDate "2012.11.22"]
[SourceVersion "1"]
[SourceVersionDate "2012.11.22"]
[SourceQuality "1"]

1. e4 c5 2. Nf3 e6 3. d4 cxd4 4. Nxd4 Nf6 5. Nc3 d6 6. Be2 a6 7. 0-0 Be7 8. a4 0-0 9. Be3 Nc6 10. Nb3 b6 11. f4 Bb7 12. Bf3 Qc7 13. Qe2 Nd7 14. g4 Rac8 15. g5 Rfe8 16. Qg2 Bf8 17. Kh1 Nb4 18. Rad1 d5 19. exd5 Bxd5 20. Rd2 Nxc2 21. Rxc2 Bxb3 22. Rcc1 Qb8 23. Be4 Nc5 24. Bxc5 Rxc5 25. Bf3 Rd8 26. Rce1 Rf5 27. Ne4 Rxf4 28. Bh5 Bd5 29. Bf3 Bxe4 30. Bxe4 g6 31. b3 Bb4 32. Rxf4 Qxf4 33. Rf1 Qe3 34. Qf3 Qxf3+ 35. Rxf3 Rd4 36. Bc6 Kf8 37. Kg2 Bd2 38. Bb7 a5 39. Bc8 Ke7 40. Ba6 Bxg5 41. Rd3 Rxd3 42. Bxd3 f5 43. Bc4 e5 44. Kf3 e4+ 45. Ke2 Kf6 46. Bd5 h6 47. Bc6 Bf4 48. h3 Ke5 49. Be8 g5 50. Bf7 Bc1 51. Bh5 Ba3 52. Kd1 Kd4 53. Ke2 f4 54. Kd2 f3 55. Ke1 Ke3 56. Kf1 Kf4 0-1

[Event "Lima olm qual"]
[Site "Lima"]
[Date "2006.04.03"]
[Round "5"]
[White "Ramos, Ernesto"]
[Black "Alarcon, Ruy"]
[Result "0-1"]
[WhiteElo "2274"]
[BlackElo "2255"]
[PlyCount "100"]
[EventDate "2006.04.01"]
[EventType "tourn"]
[EventRounds "9"]
[EventCountry "PER"]
[EventCategory "2"]
[SourceTitle "CBM 111 Extra"]
[Source "ChessBase"]
[SourceDate "2006.05.09"]
[SourceVersion "1"]
[SourceVersionDate "2006.05.09"]
[SourceQuality "1"]

1. d4 Nf6 2. c4 e6 3. Nf3 b6 4. g3 Bb7 5. Bg2 d5 6. cxd5 exd5 7. 0-0 Nbd7 8. Nc3 Be7 9. Bf4 c6 10. Rc1 0-0 11. Ne5 Re8 12. e4 dxe4 13. Nxe4 Nxe4 14. Bxe4 Nxe5 15. Bxe5 f6 16. Qh5 g6 17. Bxg6 hxg6 18. Qxg6+ Kh8 19. Rfe1 c5 20. dxc5 fxe5 21. c6 Qd6 22. Qh5+ Kg7 23. cxb7 Rab8 24. Rc8 Rd8 25. Rc4 Bf6 26. Rg4+ Kf8 27. Rg6 Ke7 28. Qh7+ Ke6 29. Rc1 Rf8 30. Qh3+ Ke7 31. Qh7+ Rf7 32. Qh5 Rxb7 33. Qe2 Rd7 34. Rg4 Qd2 35. Re1 Qxe2 36. Rxe2 Ke6 37. Rge4 Kf5 38. h4 Rg7 39. Kg2 Rd4 40. Kf3 b5 41. R4e3 a5 42. Rc2 Rgd7 43. Ke2 Kg4 44. Rec3 Be7 45. a3 Bf8 46. Rc8 Bh6 47. Rg8+ Kh3 48. Rg6 Re4+ 49. Kf3 Re1 50. Re2 Rf7+ 0-1

[Event "PER-ch"]
[Site "Lima"]
[Date "2004.03.08"]
[Round "4.2"]
[White "Alarcon, Ruy"]
[Black "Oblitas Guerrero, Carlomagno"]
[Result "1/2-1/2"]
[WhiteElo "2240"]
[BlackElo "2387"]
[PlyCount "92"]
[EventDate "2004.03.05"]
[EventType "k.o."]
[EventRounds "8"]
[EventCountry "PER"]
[SourceTitle "CBM 099 Extra"]
[Source "ChessBase"]
[SourceDate "2004.05.04"]
[SourceVersion "1"]
[SourceVersionDate "2004.05.04"]
[SourceQuality "1"]

1. d4 d5 2. c4 dxc4 3. Nf3 Nf6 4. Na3 c5 5. e3 Nc6 6. Bxc4 e6 7. 0-0 a6 8. dxc5 Qxd1 9. Rxd1 Bxc5 10. b3 b5 11. Be2 Bb7 12. Nc2 0-0 13. Bb2 Rfd8 14. Ncd4 Nxd4 15. Nxd4 Rac8 16. Rac1 Be7 17. a3 Bd5 18. b4 Ne8 19. Bf3 Bxf3 20. gxf3 Bf6 21. Kf1 g6 22. Ba1 Kg7 23. f4 h6 24. Ke2 Kh7 25. Nb3 Bxa1 26. Rxd8 Rxd8 27. Rxa1 Rc8 28. Nc5 a5 29. Rd1 Nf6 30. e4 axb4 31. axb4 Ra8 32. Rd6 Ra2+ 33. Kf3 Rb2 34. Nd3 Rb3 35. Rd4 Kg7 36. h3 g5 37. fxg5 hxg5 38. Rd8 Nh5 39. Kg4 Nf4 40. Nxf4 gxf4 41. Kxf4 Rxb4 42. h4 Rb1 43. Rd7 b4 44. h5 Rh1 45. Rb7 Rxh5 46. Rxb4 Ra5 1/2-1/2

[Event "PER-ch"]
[Site "Lima"]
[Date "2004.03.06"]
[Round "2.2"]
[White "Alarcon, Ruy"]
[Black "Cruz Estrada, Filemon"]
[Result "1/2-1/2"]
[WhiteElo "2240"]
[BlackElo "2327"]
[PlyCount "82"]
[EventDate "2004.03.05"]
[EventType "k.o."]
[EventRounds "8"]
[EventCountry "PER"]
[SourceTitle "CBM 099 Extra"]
[Source "ChessBase"]
[SourceDate "2004.05.04"]
[SourceVersion "1"]
[SourceVersionDate "2004.05.04"]
[SourceQuality "1"]

1. e4 c5 2. Nf3 e6 3. d4 cxd4 4. Nxd4 a6 5. Bd3 Qc7 6. 0-0 Nf6 7. Kh1 Be7 8. Be3 d6 9. Nb3 Nc6 10. f4 0-0 11. c3 Re8 12. N1d2 Bf8 13. Nc4 Nd7 14. Bg1 b5 15. Ne3 g6 16. Qc2 Rb8 17. Rac1 Bb7 18. Qf2 Bg7 19. Qh4 Na5 20. f5 Nxb3 21. axb3 Qd8 22. Qf4 Be5 23. Qg4 Nf6 24. Qe2 Bxe4 25. Bxe4 Nxe4 26. fxg6 hxg6 27. Ng4 f5 28. Nxe5 dxe5 29. Be3 Rb7 30. Ra1 Rh7 31. Rf3 g5 32. Bg1 g4 33. Re3 Qd5 34. Rxa6 Rd8 35. c4 Qd1 36. Rxe4 fxe4 37. Qxe4 g3 38. Qg6+ Rg7 39. Qxe6+ Rf7 40. Qg6+ Rg7 41. Qe6+ Rf7 1/2-1/2

[Event "PER-ch serie A"]
[Site "Lima"]
[Date "2002.??.??"]
[Round "5"]
[White "Alarcon, Ruy"]
[Black "Canaza, Richard"]
[Result "0-1"]
[WhiteElo "2230"]
[BlackElo "2000"]
[PlyCount "104"]
[EventDate "2002.09.09"]
[EventType "tourn"]
[EventRounds "9"]
[EventCountry "PER"]
[SourceTitle "CBM 090 Extra"]
[Source "ChessBase"]
[SourceDate "2002.11.07"]
[SourceVersion "1"]
[SourceVersionDate "2002.11.07"]
[SourceQuality "1"]

1. e4 c6 2. d4 d5 3. e5 Bf5 4. h4 Qb6 5. g4 Bd7 6. Bg2 e6 7. Ne2 c5 8. c3 Nc6 9. 0-0 h5 10. dxc5 Bxc5 11. b4 Be7 12. Nf4 hxg4 13. Qxg4 Nxe5 14. Qe2 Nc4 15. h5 Kf8 16. a4 Bd6 17. Nd2 Nxd2 18. Bxd2 Qc7 19. Qf3 Nf6 20. Rfe1 e5 21. Nxd5 Nxd5 22. Qxd5 Bc6 23. Qc4 Bxg2 24. Qxc7 Bxc7 25. Kxg2 Rxh5 26. Rh1 Rxh1 27. Rxh1 Rd8 28. Be3 b6 29. a5 f5 30. axb6 axb6 31. Bg5 Rd3 32. Rh8+ Kf7 33. Rc8 Rd7 34. c4 Kg6 35. Be3 f4 36. Bxb6 Bxb6 37. Rc6+ Kf5 38. Rxb6 g5 39. c5 g4 40. Rb8 Rd2 41. c6 Rc2 42. b5 Ke4 43. Ra8 g3 44. b6 Rxf2+ 45. Kg1 f3 46. c7 Rg2+ 47. Kf1 Rh2 48. Ke1 g2 49. Rg8 Ke3 50. Kd1 f2 51. Rg3+ Ke4 52. Rg4+ Kd5 0-1

[Event "PER-ch serie A"]
[Site "Lima"]
[Date "2002.??.??"]
[Round "6"]
[White "Lopez, Dante"]
[Black "Alarcon, Ruy"]
[Result "1/2-1/2"]
[WhiteElo "2184"]
[BlackElo "2230"]
[PlyCount "145"]
[EventDate "2002.09.09"]
[EventType "tourn"]
[EventRounds "9"]
[EventCountry "PER"]
[SourceTitle "CBM 090 Extra"]
[Source "ChessBase"]
[SourceDate "2002.11.07"]
[SourceVersion "1"]
[SourceVersionDate "2002.11.07"]
[SourceQuality "1"]

1. e4 d6 2. d4 Nf6 3. Nc3 g6 4. Be2 Bg7 5. h4 h5 6. Nf3 Bg4 7. Ng5 Bxe2 8. Qxe2 Nc6 9. Nf3 0-0 10. Bg5 e5 11. 0-0-0 Nxd4 12. Nxd4 exd4 13. Rxd4 Qc8 14. Rd3 Qe6 15. f3 b5 16. Kb1 c6 17. Qd2 Rfd8 18. Rd1 b4 19. Ne2 d5 20. Nd4 Qe8 21. e5 Qxe5 22. Nxc6 Qd6 23. Nxd8 Rxd8 24. Qf4 Qb6 25. Qd4 Qc6 26. Qxb4 Rd7 27. Rc3 Qa6 28. Rb3 Kh7 29. Be3 Qe2 30. Qd2 Qc4 31. Bd4 Re7 32. Re3 Rb7 33. Qe2 Qc7 34. Re1 Qf4 35. Be5 Qxh4 36. Qa6 Re7 37. a3 Rd7 38. Qc8 Qg5 39. Bxf6 Qxf6 40. Rb3 Rd8 41. Qc7 d4 42. Re7 Rc8 43. Qxa7 Qf5 44. Rxf7 Qxc2+ 45. Ka2 Rg8 46. Qc7 Qe2 47. a4 Qe6 48. Ka3 Kh6 49. Qe7 Qxe7+ 50. Rxe7 Bf8 51. Rbb7 Rg7 52. b4 Bxe7 53. a5 d3 54. Kb3 d2 55. Kc2 Bf6 56. Rxg7 Kxg7 57. Kxd2 Kf7 58. Kd3 Bh4 59. Kc4 Ke6 60. Kc5 Kd7 61. Kb6 Kc8 62. b5 Kb8 63. Ka6 Bf2 64. b6 g5 65. Kb5 g4 66. fxg4 hxg4 67. a6 Be3 68. Kc6 g3 69. Kb5 Ka8 70. Kc6 Kb8 71. Kb5 Ka8 72. Kc6 Kb8 73. Kb5 1/2-1/2

[Event "PER-ch"]
[Site "Lima"]
[Date "2000.10.15"]
[Round "11"]
[White "Alarcon, Ruy"]
[Black "Soto Vega, Jorge"]
[Result "0-1"]
[WhiteElo "2188"]
[BlackElo "2225"]
[PlyCount "118"]
[EventDate "2000.10.04"]
[EventType "tourn"]
[EventRounds "13"]
[EventCountry "PER"]
[EventCategory "2"]
[SourceTitle "CBM 078 Extra"]
[Source "ChessBase"]
[SourceDate "2000.11.10"]
[SourceVersion "1"]
[SourceVersionDate "2000.11.10"]
[SourceQuality "1"]

1. d4 Nf6 2. c4 c5 3. e3 g6 4. Nc3 Bg7 5. Nf3 0-0 6. dxc5 Na6 7. Be2 Nxc5 8. 0-0 d6 9. Nd4 Bd7 10. f3 Qb6 11. Rb1 a5 12. b3 Rfd8 13. Kh1 e5 14. Nc2 e4 15. Bb2 Bc6 16. Nd5 Bxd5 17. cxd5 exf3 18. gxf3 Re8 19. Bd4 Qd8 20. Bb5 Re7 21. e4 Nh5 22. Bxg7 Nxg7 23. Qd4 f5 24. Rbe1 fxe4 25. fxe4 Re5 26. Qf2 Qe7 27. Qf6 Qxf6 28. Rxf6 Rd8 29. Rf4 Nh5 30. Rff1 Nxe4 31. Nd4 Rf8 32. Ne6 Rxf1+ 33. Rxf1 Neg3+ 34. hxg3 Nxg3+ 35. Kg1 Nxf1 36. Bxf1 Rxd5 37. a4 Re5 38. Nc7 Kf7 39. Bg2 Re7 40. Na8 Ke6 41. Nb6 Ke5 42. Nc4+ Kd4 43. Nxd6 b6 44. Nc8 Re6 45. Kf2 Kc5 46. Kf3 Re8 47. Bh3 Rf8+ 48. Kg3 g5 49. Ne7 h5 50. Ng6 Re8 51. Kf2 Re4 52. Bf5 Rb4 53. Be6 Rd4 54. Nh8 Re4 55. Bf7 h4 56. Ng6 g4 57. Kg2 h3+ 58. Kf2 h2 59. Kg2 Re2+ 0-1

[Event "PER-ch"]
[Site "Lima"]
[Date "2000.10.11"]
[Round "7"]
[White "Alarcon, Ruy"]
[Black "Castaneda, Georgui"]
[Result "1-0"]
[WhiteElo "2188"]
[BlackElo "2457"]
[PlyCount "63"]
[EventDate "2000.10.04"]
[EventType "tourn"]
[EventRounds "13"]
[EventCountry "PER"]
[EventCategory "2"]
[SourceTitle "CBM 078 Extra"]
[Source "ChessBase"]
[SourceDate "2000.11.10"]
[SourceVersion "1"]
[SourceVersionDate "2000.11.10"]
[SourceQuality "1"]

1. e4 e6 2. d4 d5 3. Nd2 Nf6 4. Bd3 c5 5. e5 Nfd7 6. c3 Nc6 7. Ne2 cxd4 8. cxd4 f6 9. Nf4 Nxd4 10. Qh5+ Ke7 11. Ng6+ hxg6 12. exf6+ Nxf6 13. Qxh8 e5 14. Bxg6 e4 15. 0-0 Ne2+ 16. Kh1 Nf4 17. Bh7 Nd3 18. Bg6 Ne5 19. Bh5 Be6 20. Nb3 d4 21. Bg5 Qd5 22. Rac1 Ned7 23. h4 Qe5 24. Nd2 Bd5 25. Rfe1 d3 26. f3 Ke6 27. fxe4 Bxa2 28. Nf3 Qxb2 29. e5 Nxh5 30. Qxh5 Nc5 31. Qg6+ Kd5 32. e6 1-0

[Event "PER-ch sf 48th"]
[Site "Lima"]
[Date "2000.??.??"]
[Round "5"]
[White "Alarcon, Ruy"]
[Black "Barreto Carreno, Carlos"]
[Result "1-0"]
[WhiteElo "2188"]
[BlackElo "2253"]
[PlyCount "113"]
[EventDate "2000.07.24"]
[EventType "swiss"]
[EventRounds "9"]
[EventCountry "PER"]
[SourceTitle "EXT 2001"]
[Source "ChessBase"]
[SourceDate "2000.11.22"]
[SourceVersion "1"]
[SourceVersionDate "2000.11.22"]
[SourceQuality "1"]

1. d4 Nf6 2. c4 d6 3. Nc3 Nbd7 4. Nf3 e5 5. e3 c6 6. Qc2 Be7 7. h3 Qc7 8. Bd3 Rb8 9. a4 a5 10. b3 b6 11. Ba3 Bb7 12. 0-0 0-0 13. Rfd1 Rfe8 14. Ng5 Nf8 15. d5 g6 16. dxc6 Bxc6 17. Nge4 Nxe4 18. Bxe4 Ne6 19. Bxc6 Qxc6 20. Nd5 Rbd8 21. f3 f5 22. Nxe7+ Rxe7 23. Rd2 Red7 24. Rad1 f4 25. exf4 Nxf4 26. Qe4 Qc7 27. Kh2 Qb8 28. g3 Nh5 29. Qd5+ Rf7 30. Bxd6 Qc8 31. Qxe5 Re8 32. Qc3 Qe6 33. Ba3 Qf5 34. Bb2 Nf6 35. Rd8 Kf8 36. Rxe8+ Kxe8 37. Qd3 Qxd3 38. Rxd3 Nd7 39. Bd4 Re7 40. Re3 Rxe3 41. Bxe3 Ke7 42. f4 Kd6 43. g4 Kc6 44. Bd4 Nf8 45. f5 gxf5 46. gxf5 Nd7 47. Kg3 Kd6 48. Kg4 Ke7 49. Kg5 Kf7 50. Kh6 Kg8 51. h4 Nc5 52. Bxc5 bxc5 53. f6 Kh8 54. h5 Kg8 55. f7+ Kf8 56. Kxh7 Kxf7 57. h6 1-0

[Event "PER-ch sf 48th"]
[Site "Lima"]
[Date "2000.??.??"]
[Round "7"]
[White "Alarcon, Ruy"]
[Black "Garcia, Javier"]
[Result "1/2-1/2"]
[WhiteElo "2188"]
[BlackElo "2314"]
[PlyCount "23"]
[EventDate "2000.07.24"]
[EventType "swiss"]
[EventRounds "9"]
[EventCountry "PER"]
[SourceTitle "EXT 2001"]
[Source "ChessBase"]
[SourceDate "2000.11.22"]
[SourceVersion "1"]
[SourceVersionDate "2000.11.22"]
[SourceQuality "1"]

1. e4 c5 2. Nf3 d6 3. d4 cxd4 4. Nxd4 Nf6 5. Nc3 e6 6. Bg5 Nc6 7. Qd2 a6 8. 0-0-0 h6 9. Be3 Be7 10. f3 Nxd4 11. Bxd4 b5 12. Bd3 1/2-1/2

[Event "PER-ch sf 48th"]
[Site "Lima"]
[Date "2000.??.??"]
[Round "8"]
[White "Soto Vega, Jorge"]
[Black "Alarcon, Ruy"]
[Result "1-0"]
[WhiteElo "2225"]
[BlackElo "2188"]
[PlyCount "78"]
[EventDate "2000.07.24"]
[EventType "swiss"]
[EventRounds "9"]
[EventCountry "PER"]
[SourceTitle "EXT 2001"]
[Source "ChessBase"]
[SourceDate "2000.11.22"]
[SourceVersion "1"]
[SourceVersionDate "2000.11.22"]
[SourceQuality "1"]

1. e4 c5 2. Nf3 Nc6 3. d4 cxd4 4. Nxd4 Nf6 5. Nc3 d6 6. Bc4 e6 7. Bb3 a6 8. 0-0 Be7 9. Kh1 Bd7 10. f4 Qc7 11. f5 Nxd4 12. Qxd4 0-0 13. Bg5 b5 14. a3 Kh8 15. Rad1 Rab8 16. Rd3 a5 17. e5 dxe5 18. Qh4 exf5 19. Rh3 f4 20. Nd5 Bxh3 21. Nxc7 Bf5 22. Qe1 Bd6 23. Qxa5 Ng4 24. Nxb5 Bc5 25. Bh4 Ne3 26. Rg1 Be4 27. Nc3 Bb6 28. Qxe5 Bxc2 29. Bxc2 Nxc2 30. Rc1 Rfe8 31. Qxf4 Nd4 32. Bf2 Ne6 33. Qxf7 Rf8 34. Qxe6 Rxf2 35. Ne4 Rff8 36. Nd6 h6 37. g4 Bd4 38. b4 Bb2 39. Rc7 Bxa3 1-0

[Event "PER-ch"]
[Site "Lima"]
[Date "1999.??.??"]
[Round "3"]
[White "Garcia, Javier"]
[Black "Alarcon, Ruy"]
[Result "1-0"]
[WhiteElo "2326"]
[BlackElo "2210"]
[PlyCount "105"]
[EventDate "1999.02.??"]
[EventType "swiss"]
[EventRounds "9"]
[EventCountry "PER"]
[SourceTitle "CBM 073 Extra"]
[Source "ChessBase"]
[SourceDate "2000.01.11"]
[SourceVersion "1"]
[SourceVersionDate "2000.01.11"]
[SourceQuality "1"]

1. d4 c5 2. d5 Nf6 3. c4 e6 4. Nc3 d6 5. e4 Be7 6. Be2 Na6 7. Nf3 Nc7 8. 0-0 0-0 9. dxe6 fxe6 10. e5 dxe5 11. Qxd8 Rxd8 12. Nxe5 Nd7 13. Bf4 Bf6 14. Rad1 Na6 15. Ne4 Nab8 16. Nd3 Nc6 17. Bc7 Re8 18. Nxf6+ gxf6 19. Bd6 b6 20. Bh5 Rd8 21. Bc7 Ba6 22. Bxd8 Rxd8 23. b3 Nd4 24. Rfe1 Bb7 25. f4 Kh8 26. Kf2 Rg8 27. Bf3 Bc8 28. Rd2 Rg7 29. g3 f5 30. Ne5 Nf6 31. Rxd4 cxd4 32. Rd1 Rc7 33. Rxd4 Kg7 34. Ke3 Nd7 35. Rd6 Nxe5 36. fxe5 Bd7 37. a4 Kf7 38. Rd4 Kg7 39. Bd1 Kf7 40. b4 Ke8 41. Kd3 Bc6 42. Rd6 Ke7 43. Kd4 Rd7 44. c5 bxc5+ 45. Kxc5 Rxd6 46. exd6+ Kd7 47. Bc2 h5 48. b5 Bg2 49. a5 h4 50. b6 hxg3 51. hxg3 axb6+ 52. axb6 Bc6 53. Ba4 1-0

[Event "PER-ch sf"]
[Site "Lima"]
[Date "1998.??.??"]
[Round "11"]
[White "Alarcon, Ruy"]
[Black "Esplana, Christian"]
[Result "0-1"]
[WhiteElo "2230"]
[BlackElo "2150"]
[PlyCount "82"]
[EventDate "1998.??.??"]
[EventType "swiss"]
[EventRounds "11"]
[EventCountry "PER"]
[SourceTitle "EXT 2000"]
[Source "ChessBase"]
[SourceDate "1999.11.16"]
[SourceVersion "1"]
[SourceVersionDate "1999.11.16"]
[SourceQuality "1"]

1. e4 c5 2. Nf3 e6 3. d4 cxd4 4. Nxd4 a6 5. Nc3 Qc7 6. Be2 Nf6 7. Be3 Bb4 8. Qd3 Nxe4 9. 0-0 Nxc3 10. bxc3 Bxc3 11. Rab1 0-0 12. Nb3 Bb4 13. c4 Nc6 14. c5 d6 15. Qe4 Bd7 16. Rfd1 d5 17. Qh4 Bc3 18. Bd3 f5 19. Nd4 Bxd4 20. Bxd4 e5 21. Bc3 Be6 22. a3 d4 23. Ba1 e4 24. Bc2 Rad8 25. Rb6 Rd7 26. Ba4 d3 27. Qg5 Bd5 28. Rdb1 Qc8 29. Qd2 Rff7 30. Bd1 Qf8 31. Qc3 Rfe7 32. Ba4 Qf7 33. Qd2 f4 34. Re1 Qf5 35. Rbb1 Qg4 36. h3 Qg5 37. Bb3 Bxb3 38. Rxb3 e3 39. fxe3 fxe3 40. Qa2 Qd5 41. Bc3 d2 0-1